书目信息 |
| 题名: |
埃隆·马斯克
|
|
| 作者: | 王川 , 白云上 著 | |
| 分册: | ||
| 出版信息: | 杭州 浙江大学出版社 2022.03 |
|
| 页数: | 256页 | |
| 开本: | 21cm | |
| 丛书名: | ||
| 单 册: | ||
| 中图分类: | K837.115.38 | |
| 科图分类: | ||
| 主题词: | 企业家--qi ye jia--生平事迹--美国--现代 | |
| 电子资源: | ||
| ISBN: | 978-7-308-21904-4 | |
| 000 | 01001nam0 2200265 450 | |
| 001 | 011025153145 | |
| 005 | 20221025153145.0 | |
| 010 | @a978-7-308-21904-4@b精装@dCNY59.00 | |
| 100 | @a20201004d2022 em y0chiy0110 ea | |
| 101 | 0 | @achi |
| 102 | @aCN@b330000 | |
| 105 | @ay z 000yd | |
| 106 | @ar | |
| 200 | 1 | @a埃隆·马斯克@Aai long ma si ke@e梦想与冒险@dElon Musk@f王川, 白云上著@zeng |
| 210 | @a杭州@c浙江大学出版社@d2022.03 | |
| 215 | @a256页@d21cm | |
| 330 | @a本书讲述了被称为硅谷钢铁侠的埃隆·马斯克充满传奇的故事。全书共有8章,主要内容包括:“成长岁月:磨砺和探索”“初入社会:学习与进化”“东山再起:创业家的觉醒与开拓”等。 | |
| 510 | 1 | @aElon Musk@zeng |
| 517 | 1 | @a梦想与冒险@Ameng xiang yu mao xian |
| 606 | 0 | @a企业家@Aqi ye jia@x生平事迹@y美国@z现代 |
| 610 | 0 | @a马斯克(Musk, Elon 1971- )@Ama si ke (Musk, Elon 1971- ) |
| 690 | @aK837.115.38@v5 | |
| 701 | 0 | @a王川@Awang chuan@4著 |
| 701 | 0 | @a白云上@Abai yun shang@4著 |
| 905 | @a河南城建学院图书馆@dK837.115.38@eW135 | |
| 埃隆·马斯克:梦想与冒险=Elon Musk/王川, 白云上著.-杭州:浙江大学出版社,2022.03 |
| 256页;21cm |
| ISBN 978-7-308-21904-4(精装):CNY59.00 |
| 本书讲述了被称为硅谷钢铁侠的埃隆·马斯克充满传奇的故事。全书共有8章,主要内容包括:“成长岁月:磨砺和探索”“初入社会:学习与进化”“东山再起:创业家的觉醒与开拓”等。 |
| ● |
| 相关链接 |
|
|
|
正题名:埃隆·马斯克
索取号:K837.115.38/W135
 
预约/预借
| 序号 | 登录号 | 条形码 | 馆藏地/架位号 | 状态 | 备注 |
| 1 | 1587061 | 215870617 | 社科库309/309社科库 2排3列2层/ [索取号:K837.115.38/W135] | 在馆 | |
| 2 | 1587062 | 215870626 | 社科库309/309社科库 2排3列2层/ [索取号:K837.115.38/W135] | 在馆 |